Statistics for Top 20 Words Starting With SE

Click here to take the quiz!

General Stats

  • This quiz has been taken 416 times
  • The average score is 12 of 20

Answer Stats

rank letters word % Correct
13see
100%
113sea
98%
23set
95%
104sell
84%
184seat
80%
34seem
80%
94send
79%
64seen
73%
193sex
71%
154seek
68%
75seven
54%
46second
51%
206search
46%
55sense
38%
146season
38%
175serve
33%
137several
32%
87service
29%
127section
28%
169secretary
13%

Score Distribution

Percentile by Number Answered

Percent of People with Each Score

Your Score History

You have not taken this quiz